Modelovanie ekonomických procesov Zbierka príkladov

Saved in:
Bibliographic Details
Main Author: Dančová, Eliška
Corporate Author: Vysoká škola ekonomická v Bratislave. Fakulta ekonomiky a riadenia výrobných odvetví
Format: Book
Language:Slovak
Published: Bratislava VŠE 1990
Edition:1. vyd.
Tags: Add Tag
No Tags, Be the first to tag this record!

MARC

LEADER 00000nam a2200000 4500
001 c033347
005 20221215070903.4
041 0 |a slo 
044 |a SK 
245 1 0 |a Modelovanie ekonomických procesov  |b Zbierka príkladov  |c Eliška Dančová a kol. 
250 |a 1. vyd. 
264 1 |a Bratislava  |b VŠE  |c 1990 
300 |a 246 s. 
100 1 |a Dančová, Eliška 
710 2 |a Vysoká škola ekonomická v Bratislave. Fakulta ekonomiky a riadenia výrobných odvetví